00651nam a2200205Ia 4500003000900000008004100009040001600050080001500066100002200081245007300103260004800176300001700224650004100241650001600282650002100298650001600319942000700335999001300342952009000355IN-BaIIA211028s9999 xx 000 0 eng d cIIA Library a551.5bSHA aShaw, Napier9415 0aManual of meteorologybvol. IV, materiological calculascNapier Shaw aCambridgebCambridge University Pressc1931 axviii, 359p. aAstronomy and Astrophysics Thesaurus aClimatology aEarth Atmosphere aMeteorology cBK c209d209 00104070aBANbKODcGENd0000-00-00l0o551.5/ SHAp179r2021-11-05w0000-00-00yBK